00452nam a2200145Ia 4500003000900000008004100009040001600050080002000066100001700086245009200103260003200195300001400227650004100241650002400282IN-BaIIA211028s9999 xx 000 0 eng d cIIA Library a621.317.76bHUN aHund, August 0aHigh-frequency measurementscAugust Hund  aNew YorkbMcGraw-Hillc1933 axi, 491p. aAstronomy and Astrophysics Thesaurus aHigh Energy Physics